Gewinn Das Wirtschaftsmagazin für Ihren Persönlichen Vorteil

Gespeichert in:
Bibliographische Detailangaben
Format: Schriftenreihe
Sprache:Deutsch
Veröffentlicht: Wien Wailand, Georg 2017
Schlagworte:
Tags: Tag hinzufügen
Keine Tags, Fügen Sie das erste Tag hinzu!

MARC

LEADER 00000nas2a2200000 4500
001 0282266
005 20220302100704.3
022 |a 1605-1327 
041 0 |a ger 
044 |a AT 
245 1 0 |a Gewinn  |b Das Wirtschaftsmagazin für Ihren Persönlichen Vorteil 
264 1 |a Wien  |b Wailand, Georg  |c 2017 
773 0 |w eu_un_cat*0066713 
610 2 0 |a situácia hospodárska 
610 2 0 |a trh kapitálový 
610 2 0 |a financie osobné 
610 2 0 |a manažment 
610 2 0 |a nehnuteľnosti 
610 2 0 |a technológie informačné 
610 2 0 |a štýl životný